|
|
|
|
| LEADER |
00000nam0a2200000 4500 |
| 001 |
143452 |
| 005 |
20231031143227.0 |
| 010 |
|
|
|a 9785883731487
|
| 035 |
|
|
|a (RuTPU)RU\TPU\book\155453
|
| 090 |
|
|
|a 143452
|
| 100 |
|
|
|a 20080919d2007 k y0rusy50 ca
|
| 101 |
0 |
|
|a rus
|
| 102 |
|
|
|a RU
|
| 105 |
|
|
|a a z 001zy
|
| 200 |
1 |
|
|a Технология творения
|e монография
|f В. А. Нилов
|
| 210 |
|
|
|a Москва
|c Канон+
|d 2007
|
| 215 |
|
|
|a 336 с.
|c ил.
|
| 320 |
|
|
|a Библиогр.: с. 325-329.
|
| 320 |
|
|
|a Предметный указатель: с. 330-332.
|
| 330 |
|
|
|a Читателю предлагается гипотеза устройства Мироздания в самом широком смысле этого слова. Для мысленного проникновения в неведомые области Мироздания автор использует метод технологического анализа. Исследуя, каким образом Мир, состоящий из разнородных вещей, собран в единое гармоничное целое, автор находит ответы на вопросы, как устроено Мироздание, кем и зачем оно создано. Книга настолько необычна, что не поддается стандартной классификации. Язык научно-популярного издания сочетается с выводами и обобщениями, претендующими на смену научной парадигмы и переворот в религиозном сознании. Перед читателем разворачивается грандиозная, но вполне доступная пониманию картина Мироздания, где гармонично взаимодействуют Материя и Дух, Свобода и Необходимость, Вера и Знание, но нет места ни мистике, ни волшебству. Книга адресована всем — от старшеклассников до ученых, — кто интересуется, как создан Мир.
|
| 610 |
1 |
|
|a мироздание
|
| 610 |
1 |
|
|a устройство
|
| 610 |
1 |
|
|a материальный мир
|
| 610 |
1 |
|
|a графическая модель
|
| 610 |
1 |
|
|a синергетическая модель
|
| 610 |
1 |
|
|a нематериальный мир
|
| 610 |
1 |
|
|a творение
|
| 610 |
1 |
|
|a материя
|
| 610 |
1 |
|
|a дух
|
| 610 |
1 |
|
|a свобода
|
| 610 |
1 |
|
|a необходимость
|
| 610 |
1 |
|
|a вера
|
| 610 |
1 |
|
|a знание
|
| 675 |
|
|
|a 50
|v 3
|
| 700 |
|
1 |
|a Нилов
|b В. А.
|g Виктор Александрович
|
| 801 |
|
1 |
|a RU
|b 63413507
|c 20080919
|g PSBO
|
| 801 |
|
2 |
|a RU
|b 63413507
|c 20120302
|g PSBO
|
| 942 |
|
|
|c BK
|